000 00524nam a2200181Ia 4500
999 _c9101
_d9101
020 _a9789383980598
082 _a954.04092 DEE-P
100 _aDeenanath Singh
245 0 _aPandit Deendayal Upadhyaya ki chintan drashti
260 _aNew Delhi
_bShivank Prakashan
_c2017
300 _a159p
650 _aBiography
_vDeendayal upadhyaya
_zIndia
650 _aRajnaitik Itihas
_zBharat
650 _aArthneeti
_vUpadhyaya, Deendayal
650 _aEkatmmanavbad
_vUpadhyaya, Deendayal
700 _aHarnam Singh
942 _cBK